000 00562nam a2200241Ia 4500
003 OSt
005 20220912145526.0
006 a|||||r|||| 00| 0
007 ta
008 220909b |||||||| |||| 00| 0 eng d
024 _a69527
037 _cTextual
040 _aCSL
_beng
_cCSL
041 _aeng
082 _aE0D, K3
100 _aHoffman K B
245 0 _aChemistry for the applied sciences
260 _c1963
300 _ap.
_ccm.
650 _aChemistry
942 _hE0D, K3
_cTEXL
_2CC
999 _c33711
_d33711